| 000 | 00455nam a2200157 4500 | ||
|---|---|---|---|
| 001 | 136774 | ||
| 003 | ES-MaACL | ||
| 005 | 20230906195225.0 | ||
| 007 | t| | ||
| 008 | 070214s1913 ag r ||||1| spa d | ||
| 100 | 1 |
_aSagastume, José Pío. _9101429 |
|
| 245 | 1 | 0 |
_aRaza que muere _b: (cuentos de estilo criollo) / _cJosé Pío Sagastume. |
| 260 |
_aBuenos Aires : _bMartín García, _c1913. |
||
| 300 |
_a237 p. ; _c19 cm. |
||
| 852 |
_aES-MaACL _jD-1278 |
||
| 999 |
_c136774 _d136774 |
||